فاعلية برنامج قائم على طريقة المشروع فى تنمية بعض مهارات ماوراء المعرفة لدى أطفال الروضة / (رقم التسجيلة. 40202)
[ عرض عادي ]
| 000 -LEADER | |
|---|---|
| fixed length control field | 02782cam a2200337 a 4500 |
| 003 - CONTROL NUMBER IDENTIFIER | |
| control field | EG-GiCUC |
| 005 - DATE AND TIME OF LATEST TRANSACTION | |
| control field | 20250223030713.0 |
| 008 - FIXED-LENGTH DATA ELEMENTS--GENERAL INFORMATION | |
| fixed length control field | 121114s2012 ua d f m 000 0 ara d |
| 040 ## - CATALOGING SOURCE | |
| Original cataloging agency | EG-GiCUC |
| Language of cataloging | ara |
| Transcribing agency | EG-GiCUC |
| 041 0# - LANGUAGE CODE | |
| Language code of text/sound track or separate title | ara |
| 049 ## - LOCAL HOLDINGS (OCLC) | |
| Holding library | ايداع |
| 097 ## - Thesis Degree | |
| Thesis Level | دكتوراه |
| 099 ## - LOCAL FREE-TEXT CALL NUMBER (OCLC) | |
| Classification number | Cai01.23.05.Ph.D.2012.دا.ف |
| 100 0# - MAIN ENTRY--PERSONAL NAME | |
| Personal name | داليا محمد همام محمد |
| 245 10 - TITLE STATEMENT | |
| Title | فاعلية برنامج قائم على طريقة المشروع فى تنمية بعض مهارات ماوراء المعرفة لدى أطفال الروضة / |
| Statement of responsibility, etc. | داليا محمد همام محمد ؛ اشراف نادية محمود شريف : سميرة السيد عبدالعال |
| 246 15 - VARYING FORM OF TITLE | |
| Title proper/short title | Effectiveness of a program based on project method to develop some meta cognitive skills for kindergarten children |
| 260 ## - PUBLICATION, DISTRIBUTION, ETC. | |
| Place of publication, distribution, etc. | القاهرة : |
| Name of publisher, distributor, etc. | داليا محمد همام محمد : |
| Date of publication, distribution, etc. | 2012 |
| 300 ## - PHYSICAL DESCRIPTION | |
| Extent | 178ص : |
| Other physical details | رسوم بيانية ؛ |
| Dimensions | 25سم |
| 502 ## - DISSERTATION NOTE | |
| Dissertation note | اطروحة (دكتوراه) - جامعة القاهرة - معهد الدراسات التربوية - قسم رياض الأطفال والتعليم الإبتدائى |
| 520 ## - SUMMARY, ETC. | |
| Summary, etc. | يهدف البحث إلى استخدام طريقة المشروع فى تنمية بعض مهارات ماوراء المعرفة لدى أطفال الروضة إعداد بطاقة ملاحظة للطفل لقياس بعض مهارات ماوراء المعرفة إعداد بطاقة ملاحظة للمعلمة لقياس مدى تمكنها من تهيئة المناخ المناسب لتنمية بعض مهارات ماوراء المعرفة لدى أطفال الروضة دراسة فاعلية برنامج قائم على طريقة المشروع لتنمية بعض مهارات ماوراء المعرفة لدى أطفال الروضة تم إعداد البرنامج المقترح واختيار ثلاثة مشروعات (الماء : الهواء : النبات) قامت الباحثة بتطبيقها على عينة من أطفال المستوى الثانى فى مرحلة رياض الأطفال واستخدمت الباحثة مقياس مصور لقياس بعض مهارات ماوراء المعرفة لدى أطفال الروضة وبطاقتى ملاحظة لاداء كل من المعلمة والاطفال بالروضة |
| 530 ## - ADDITIONAL PHYSICAL FORM AVAILABLE NOTE | |
| Additional physical form available note | صدر ايضا كقرص مدمج |
| 653 #4 - INDEX TERM--UNCONTROLLED | |
| Uncontrolled term | طريقة المشروع |
| 653 #4 - INDEX TERM--UNCONTROLLED | |
| Uncontrolled term | طفل الروضة |
| 653 #4 - INDEX TERM--UNCONTROLLED | |
| Uncontrolled term | مهارات ماوراء المعرفة |
| 700 0# - ADDED ENTRY--PERSONAL NAME | |
| Personal name | سميرة السيد عبدالعال : |
| Relator term | |
| 700 0# - ADDED ENTRY--PERSONAL NAME | |
| Personal name | نادية محمود شريف : |
| Relator term | |
| 856 ## - ELECTRONIC LOCATION AND ACCESS | |
| Uniform Resource Identifier | <a href="http://172.23.153.220/th.pdf">http://172.23.153.220/th.pdf</a> |
| 905 ## - LOCAL DATA ELEMENT E, LDE (RLIN) | |
| Cataloger | Nazla |
| Reviser | Revisor |
| 905 ## - LOCAL DATA ELEMENT E, LDE (RLIN) | |
| Cataloger | Soheir |
| Reviser | Cataloger |
| 942 ## - ADDED ENTRY ELEMENTS (KOHA) | |
| Source of classification or shelving scheme | Dewey Decimal Classification |
| Koha item type | Thesis |
| Source of classification or shelving scheme | Not for loan | Home library | Current library | Date acquired | Full call number | Barcode | Date last seen | Koha item type | Copy number |
|---|---|---|---|---|---|---|---|---|---|
| Dewey Decimal Classification | المكتبة المركزبة الجديدة - جامعة القاهرة | قاعة الرسائل الجامعية - الدور الاول | 11.02.2024 | Cai01.23.05.Ph.D.2012.دا.ف | 01010100017568000 | 22.09.2023 | Thesis | ||
| Dewey Decimal Classification | المكتبة المركزبة الجديدة - جامعة القاهرة | مخـــزن الرســائل الجـــامعية - البدروم | 11.02.2024 | Cai01.23.05.Ph.D.2012.دا.ف | 01020100017568000 | 22.09.2023 | CD - Rom | 17568.CD |